Kemiskinan bandar : masalah setinggan : satu kes kajian di Kampung Damansara Dalam /
Saved in:
| 主要作者: | |
|---|---|
| 格式: | Thesis 图书 |
| 语言: | Malay |
| 出版: |
2006.
|
| 主题: | |
| 标签: |
添加标签
没有标签, 成为第一个标记此记录!
|
| LEADER | 01531cam a2200289 a 4500 | ||
|---|---|---|---|
| 001 | u728882 | ||
| 003 | SIRSI | ||
| 005 | 200610101138 | ||
| 008 | 061010s2006 my a t 000 0 may m | ||
| 040 | |a UMM |d UME | ||
| 043 | |a a-my-se | ||
| 090 | |a JF1338 |b UM 2006 Roha | ||
| 099 | |a JF1338 |b UM 2006 Roha | ||
| 100 | 0 | 0 | |a Rohayu Ahmad. |
| 245 | 1 | 0 | |a Kemiskinan bandar : |b masalah setinggan : satu kes kajian di Kampung Damansara Dalam / |c Rohayu bt Ahmad. |
| 246 | 1 | 4 | |a Keberkesanan polisi kerajaan di dalam menangani isu kemiskinan bandar di Malaysia : kajian kes di Kg. Damansara Dalam |
| 260 | |c 2006. | ||
| 300 | |a xiv, 99, [6] leaves : |b ill. ; |c 30 cm. | ||
| 502 | |a Dissertation (M.P.A.) -- Fakulti Ekonomi dan Pentadbiran, Universiti Malaya, 2006. | ||
| 504 | |a Bibliography: leaves 96-99. | ||
| 590 | |a Tesis dikeluarkan - rujuk surat dari Fakulti Ekonomi & Pentadbiran UM.E/IT/635 bertarikh 6 Mac 2008. | ||
| 650 | 0 | |a Urban poor |z Selangor |z Petaling Jaya |x Cases studies. | |
| 650 | 0 | |a Squatters |z Malaysia |z Selangor |z Petaling Jaya |x Cases studies. | |
| 710 | 2 | 0 | |a Universiti Malaya. |b Fakulti Ekonomi dan Pentadbiran |
| 596 | |a 1 9 | ||
| 999 | |a JF1338 UM 2006 ROHA |w LC |c 1 |i A512649431 |d 16/11/2006 |f 16/11/2006 |g 1 |l STACKS |m P09EKONOMI |r Y |s Y |t TESIS |u 16/11/2006 |o .STAFF. Rujuk Surat UM.E/IT/635 (Surat Fakulti Ekoonomi dan Pentadbiran) | ||
| 999 | |a JF1338 UM 2006 ROHA |w LC |c 1 |i A512834954 |d 6/3/2008 |e 6/3/2008 |f 27/2/2007 |g 1 |l STACKS |m P01UTAMA |n 2 |r Y |s Y |t TESIS |u 27/2/2007 |o .STAFF. Rujuk Surat UM.E/IT/635 (Surat Fakulti Ekoonomi dan Pentadbiran) | ||
